000
00293nam a22000977a 4500
008
220214b ||||| |||| 00| 0 eng d
100
_a
Deutsche Post
245
_a
Deutschland im Spiegel der Briefmarke
260
_a
Bonn, Germany
_b
Deutsche Post AG
_c
2002
650
_a
Germany| Stamps 2002| new issues
999
_c
3323
_d
3323